| 000 | 00525nam a22001817a 4500 | ||
|---|---|---|---|
| 005 | 20140618115852.0 | ||
| 010 | _aENG-110197 | ||
| 020 |
_a9788124117859 _c395.00 |
||
| 035 | _aEN-93729 | ||
| 037 | _bDBAD/PUB | ||
| 082 | _a327.2 | ||
| 100 | _aSantosh Kumar | ||
| 245 |
_aRats, cats and diplomats / _cby Santosh Kumar |
||
| 260 |
_aNew Delhi _bHar-Anand Publications _c2014 |
||
| 270 |
_aE-49/3, Okhla Indl. Area, Ph-II _bNew Delhi _e110020 |
||
| 300 |
_a136p. _c22cm(pbk) |
||
| 942 |
_2ddc _cEN _mSAN _h327.2 |
||
| 999 |
_c85053 _d85053 |
||